Recreation and special populations /

Bibliographic Details
Main Author: Stein, Thomas A.
Other Authors: Sessoms, H. Douglas (Hanson Douglas)
Format: Book
Language:English
Published: Boston : Holbrook Press, [1977]
Edition:2d ed.
Subjects:

MARC

Tag First Indicator Second Indicator Subfields
LEADER 00000pam a2200000 i 4500
001 in00000356313
005 20151011061646.0
008 761014s1977 maua b 00110 eng
010 |a  76048744  
020 |a 0205056903 
035 |a (OCoLC)02542446 
035 |9 ABM8651AM 
040 |a DLC  |c DLC  |d TXA  |d UtOrBLW 
043 |a n-us--- 
049 |a TXAM  |c [1395593] 
050 0 0 |a GV174  |b .S73 1977 
082 0 |a 301.5/7 
100 1 |a Stein, Thomas A. 
245 1 0 |a Recreation and special populations /  |c Thomas A. Stein, H. Douglas Sessoms. 
250 |a 2d ed. 
264 1 |a Boston :  |b Holbrook Press,  |c [1977] 
264 4 |c ©1977 
300 |a xiv, 448 pages :  |b illustrations ;  |c 24 cm. 
336 |a text  |b txt  |2 rdacontent 
337 |a unmediated  |b n  |2 rdamedia 
338 |a volume  |b nc  |2 rdacarrier 
504 |a Includes bibliographies and index. 
650 0 |a Recreation. 
650 0 |a Recreation  |z United States. 
700 1 |a Sessoms, H. Douglas  |q (Hanson Douglas) 
999 |a MARS 
999 f f |s 1c08e3f1-79c6-3ede-b8e2-f8d40d2726a3  |i ad8e8675-f748-3e5e-a83f-9bc530ec0da0  |t 0